Energy Diplomacy / (Record no. 94408)

MARC details
000 -LEADER
campo de control de longitud fija 01449nam a2200253 i 4500
001 - NÚMERO DE CONTROL
campo de control 117167
005 - FECHA Y HORA DE LA ÚLTIMA TRANSACCIÓN
campo de control 20230410142352.0
008 - DATOS DE LONGITUD FIJA--INFORMACIÓN GENERAL
campo de control de longitud fija 140826s2007 ru abo rb 000 0 eng d
020 ## - NÚMERO INTERNACIONAL ESTÁNDAR DEL LIBRO
Número Internacional Estándar del Libro 9785903000043
041 0# - CÓDIGO DE IDIOMA
Código de lengua del texto/banda sonora o título independiente eng
050 14 - SIGNATURA TOPOGRÁFICA DE LA BIBLIOTECA DEL CONGRESO
Número de clasificación
Número de ítem
100 1# - ENTRADA PRINCIPAL--NOMBRE DE PERSONA
Nombre de persona Zhiznin, Stanislav
245 00 - MENCIÓN DEL TÍTULO
Título Energy Diplomacy /
Mención de responsabilidad, etc. Stanislav Zhiznin
260 ## - PUBLICACIÓN, DISTRIBUCIÓN, ETC.
Lugar de publicación, distribución, etc. Moscow, Russia :
Nombre del editor, distribuidor, etc. East Brook,
Fecha de publicación, distribución, etc. 2007
300 ## - DESCRIPCIÓN FÍSICA
Extensión 607 p. :
Otras características físicas ill.
Dimensiones 24 cm.
500 ## - NOTA GENERAL
Nota general Includes Bibliography
505 0# - NOTA DE CONTENIDO CON FORMATO
Nota de contenido con formato Basic Generalities : Russia in world energy system -- " commanding heights " of world energy policy -- Russia in energy markets -- New energy policy and reforming of russian energy industry -- Features of foreingn energy policy of Russia -- Priorities : Global energy diplomacy -- Russian energy policy in the post - soviet space : from the " gosplan " to the euroasian market -- The caspian diplomatic " marathon " : geopolitics and energy -- Russia in Europe -- Russia in Asia -- Russia and the USA : energy dialogue or " cold energy war " -- Energy exporting countries and Russia -- Practice : International transit -- " Diplomacy " of foreign corporations -- Russian companies in the world energy business.
650 #0 - PUNTO DE ACCESO ADICIONAL DE MATERIA--TÉRMINO DE MATERIA
Término de materia o nombre geográfico como elemento de entrada Diplomatieke betrekkingen.
650 #0 - PUNTO DE ACCESO ADICIONAL DE MATERIA--TÉRMINO DE MATERIA
Término de materia o nombre geográfico como elemento de entrada Energieverdeling
650 #0 - PUNTO DE ACCESO ADICIONAL DE MATERIA--TÉRMINO DE MATERIA
Término de materia o nombre geográfico como elemento de entrada Geopolitiek
700 2# - ENTRADA AGREGADA--NOMBRE PERSONAL
Nombre de persona Center of Energy Diplomacy and Geopolitics.; Clingendael International Energy Programme.; Energy Delta Institute.
942 ## - ELEMENTOS DE ENTRADA SECUNDARIOS (KOHA)
Fuente del sistema de clasificación o colocación Clasificación de Library of Congress
Tipo de ítem Koha
946 ## - PROCESAMIENTO DE INFORMACIÓN LOCAL (OCLC)
a IMRO
Holdings
Estatus retirado Estado de pérdida Fuente del sistema de clasificación o colocación Estado de daño No para préstamo Colección Biblioteca de origen Biblioteca actual Ubicación en estantería Fecha de adquisición Signatura topográfica completa Código de barras Visto por última vez Copia número Tipo de ítem Koha
    Clasificación de Library of Congress     Oficina Leonel Fernández Biblioteca Juan Bosch Biblioteca Juan Bosch Colección 6to. Piso 10/04/2023 00000110538 17/11/2018 1